书目信息 |
| 题名: |
2015年司法考试众合名师通关笔记
|
|
| 作者: | 刘校逢 著 | |
| 分册: | 刑法 | |
| 出版信息: | 北京 法律出版社 2015 |
|
| 页数: | 270页 | |
| 开本: | 26cm | |
| 丛书名: | ||
| 单 册: | ||
| 中图分类: | D9 , D924.04 | |
| 科图分类: | ||
| 主题词: | 法律--考核--自学参考资料 , 刑法--中国--考核--自学参考资料 | |
| 电子资源: | ||
| ISBN: | 978-7-5118-7350-7 | |
| 000 | 00852nam0 2200265 450 | |
| 001 | 338755 | |
| 005 | 20150603151349.92 | |
| 010 | @a978-7-5118-7350-7@dCNY45.00 | |
| 100 | @a20150306d2015 em y0chiy50 ea | |
| 101 | 0 | @achi |
| 102 | @aCN@b110000 | |
| 105 | @ay z 000yy | |
| 106 | @ar | |
| 200 | 1 | @a2015年司法考试众合名师通关笔记@Axing fa@i刑法@f刘校逢著 |
| 210 | @a北京@c法律出版社@d2015 | |
| 215 | @a270页@d26cm | |
| 304 | @a合众教育组编 | |
| 330 | @a本书共分总则和分则两部分共20讲, 内容包括刑法概说、犯罪概说、犯罪成立条件、 (客观) 违法构成要件、 (主观) 责任要件、犯罪的未完成形态、共同犯罪等。 | |
| 606 | 0 | @a法律@x考核@j自学参考资料 |
| 606 | 0 | @a刑法@y中国@x考核@j自学参考资料 |
| 690 | @aD9@v5 | |
| 690 | @aD924.04@v5 | |
| 701 | 0 | @a刘校逢@Aliu xiao feng@c(刑法学)@4著 |
| 801 | 0 | @aCN@b卓展宏图@c20150525 |
| 905 | @dD9@e575@f4 | |
| 2015年司法考试众合名师通关笔记.刑法/刘校逢著.-北京:法律出版社,2015 |
| 270页;26cm |
| ISBN 978-7-5118-7350-7:CNY45.00 |
| 本书共分总则和分则两部分共20讲, 内容包括刑法概说、犯罪概说、犯罪成立条件、 (客观) 违法构成要件、 (主观) 责任要件、犯罪的未完成形态、共同犯罪等。 |
| ● |
| 相关链接 |
|
|
|
|
正题名:2015年司法考试众合名师通关笔记
索取号:D9/575
 
预约/预借
| 序号 | 登录号 | 条形码 | 馆藏地/架位号 | 状态 | 备注 |
| 1 | 860395 | 208603956 | 第一样本阅览室/ [索取号:D9/575] | 在馆 | |
| 2 | 860396 | 208603965 | 密集书库-史法系/ [索取号:D9/575] | 在馆 | |
| 3 | 860397 | 208603974 | 第一借阅区/ [索取号:D9/575] | 在馆 | |
| 4 | 860398 | 208603983 | 第一借阅区/ [索取号:D9/575] | 在馆 |